Central Library OPAC University of Rajshahi

On Mahdis and Mahdiism / (Record no. 27584)

MARC details
000 -LEADER
fixed length control field 01098nam a2200277 a 4500
001 - CONTROL NUMBER
control field 27584
003 - CONTROL NUMBER IDENTIFIER
rucl marc code BD-RjUL
005 - DATE AND TIME OF LATEST TRANSACTION
control field 20211209051156.0
008 - FIXED-LENGTH DATA ELEMENTS--GENERAL INFORMATION
fixed length control field 180405s1916 enk 000 0 eng d
035 ## - SYSTEM CONTROL NUMBER
System control number (BD-RjUL)27658
040 ## - CATALOGING SOURCE
Original cataloging agency UkOxU
Language of cataloging eng
Description conventions rda
Transcribing agency UkOxU
Modifying agency BD-RjUL
041 ## - LANGUAGE CODE
Language code of text/sound track or separate title eng
082 ## - DEWEY DECIMAL CLASSIFICATION NUMBER
Edition number 23
Classification number 297.8
Author mark and year MAO 1916
100 1# - MAIN ENTRY--PERSONAL NAME
Personal name Margoliouth, D. S.
Fuller form of name (David Samuel),
Dates associated with a name 1858-1940,
9 (RLIN) 223956
245 10 - TITLE STATEMENT
Title On Mahdis and Mahdiism /
Statement of responsibility, etc. by D. S. Margoliouth.
264 #1 - PRODUCTION, PUBLICATION, DISTRIBUTION, MANUFACTURE, AND COPYRIGHT NOTICE
Place of production, publication, distribution, manufacture London :
Name of producer, publisher, distributor, manufacturer Published for the British Academy by Humphrey Milford, Oxford University Press,
Date of production, publication, distribution, manufacture, or copyright notice [1916?]
300 ## - PHYSICAL DESCRIPTION
Pagination 21 p. ;
Size 26 cm
490 1# - SERIES STATEMENT
Series statement Proceedings of the British Academy ;
Volume/sequential designation vol. 7.
Series statement British Academy. Proceedings ;
Volume/sequential designation 1915-1916
500 ## - GENERAL NOTE
General note Offprint from: Proceedings of the British Academy. Vol. VII (1916). London: Humphrey Milford, Oxford University Press.
504 ## - BIBLIOGRAPHY, ETC. NOTE
Bibliography, etc Includes bibliographical references.
650 #0 - SUBJECT ADDED ENTRY--TOPICAL TERM
Topical term or geographic name as entry element Mahdism
9 (RLIN) 223957
830 #0 - SERIES ADDED ENTRY--UNIFORM TITLE
Uniform title Proceedings of the British Academy ;
Volume number/sequential designation vol. 7.
Uniform title British Academy. Proceedings ;
Volume number/sequential designation 1915-1916
942 ## - ADDED ENTRY ELEMENTS (KOHA)
Source of classification or shelving scheme Dewey Decimal Classification
Koha item type Rare Books
Holdings
Lost status Source of classification or shelving scheme Damaged status Not for loan Collection code Permanent Location Current Location Shelving location Date acquired Total Checkouts Full call number Date last seen Copy number Koha item type
  Dewey Decimal Classification   Not For Loan Rare Books Central Library, University of Rajshahi Central Library, University of Rajshahi Rare Book Section 21/10/2018   RA 297.8 MAO 1916 21/10/2018 C-1 Rare Books